| 000 | 00490 a2200193 4500 | ||
|---|---|---|---|
| 005 | 20260408163908.0 | ||
| 008 | 260408b |||||||| |||| 00| 0 eng d | ||
| 020 |
_a9781032969893 _cRs. 1495.00 |
||
| 040 | _aMAIN | ||
| 082 |
_a576 _bV431E |
||
| 100 | _aVarnam, Alan H | ||
| 245 | _aEnvironmental microbiology | ||
| 260 |
_bTaylor and Francis _c2025 _aBoca Raton |
||
| 300 | _a121 | ||
| 650 | _aMicrobiology | ||
| 650 | _aMicroorganisms | ||
| 700 | _aEvans, Malcolm G | ||
| 942 | _cBK | ||
| 999 |
_c395800 _d395800 |
||